Candidats de la saison 12 de Secret Story - Statistiques

Statistiques générales
  • Ce quiz a été pris 773 fois
  • Le résultat moyen est 13 sur 15
Statistiques - réponses
Secret Réponse % Correct
"Nous ne sommes pas jumeaux" Lou
97%
"Nous ne sommes pas jumeaux" Léo
96%
"J'ai participé à Miss Univers" Zoé
95%
"J'ai été abandonné dans une gare à l'âge de 4 ans" Alexis
94%
"Nous sommes les voleurs de la maison" Perrine
94%
"Nous sommes les voleurs de la maison" Maxence
93%
"Je suis rentrée dans la maison le deuxième jour" Justine
89%
"Nous sommes en couple" Charlène
88%
"Nous sommes en couple" Francesca
88%
"Je suis championne de France de danse latine" Cassandra
85%
"Je suis la voix française du plus célèbre sorcier du monde" Kelyan
84%
"Le public m’a découvert dans la saison 1 de Secret Story" Ulysse
84%
"Je suis le créateur de « Quoicoubeh »" Cameron
83%
"Je suis athlète aux prochains Jeux" Bruno
81%
"Je suis champion international de magie" Maxime
81%
Aucun quiz correspondant
Distribution des résultats
% des personnes avec chaque résultat
Percentile par nombre de réponses
Votre historique - résultats
Vous n’avez pas pris ce quiz